Les bases de l'informatiques - Statistiques

Statistiques générales
  • Ce quiz a été pris 700 fois
  • Le résultat moyen est 6 sur 10
Statistiques - réponses
Question Réponse % Correct
Quelle affirmation est juste : Les informations sont transportés en codage binaire dans un système informatique
95%
Que signifie l'extension .pdf : Portable Document Format
84%
Quel est l'élément électronique à la base de l'informatique : Le transistor
80%
Quelle est la différence entre le type "int" et le type "float" : Le type int comprend les variables contenant des nombres entiers relatifs tandis que le type float contient des nombres décimaux
77%
A quoi sert l'importation d'une bibliothèque en programmation : A ne pas avoir à réécrire certaine fonctions de bases incluent dans un "paquet"
70%
Que signifie "i++;" dans le langage c++ La variable i est incrémentée de 1
69%
Quel langage est le plus efficace : Cela dépend du programme
66%
Quelle balise HTML permet d'afficher un lien sur une page web : a
44%
À quelle opération booléenne correspond f dans l'affirmation f(0,0)=1 OU exclusif (XOR)
28%
Qu'est ce qu'une variable globale : Une variable qui n'est utilisé que dans une fonction prédéfinie
7%
Aucun quiz correspondant
Distribution des résultats
% des personnes avec chaque résultat
Percentile par nombre de réponses
Votre historique - résultats
Vous n’avez pas pris ce quiz